Calidad de productos agrícolas : bases ecofisiológicas, genéticas y de manejo agronómico /
Guardado en:
| Autor Principal: | |
|---|---|
| Otros Autores: | |
| Formato: | Libro |
| Idioma: | Spanish |
| Publicado: |
Mar del Plata : Balcarce :
Facultad de Ciencias Agrarias ; INTA EEA Balcarce,
c1998.
|
| Materias: | |
| Etiquetas: |
Agregar Etiqueta
Sin Etiquetas, Sea el primero en etiquetar este registro!
|
| LEADER | 01109nam a22002535a 4500 | ||
|---|---|---|---|
| 001 | EEA.libagro006174 | ||
| 005 | 20190821114022.0 | ||
| 008 | 130809s1998####ag#a##########000#0#spa#d | ||
| 020 | |a 9875210013 | ||
| 082 | 0 | 4 | |a 631.5 |
| 082 | 0 | 4 | |a 658.562 |
| 100 | 1 | |a Aguirrezábal, Luis A. N. | |
| 245 | 1 | 0 | |a Calidad de productos agrícolas : |b bases ecofisiológicas, genéticas y de manejo agronómico / |c Luis A. N. Aguirrezábal, Fernando H. Andrade (coordinadores). |
| 260 | |a Mar del Plata : |b Facultad de Ciencias Agrarias ; |a Balcarce : |b INTA EEA Balcarce, |c c1998. | ||
| 300 | |a 315 p. : |b il. ; |c 23 cm. | ||
| 505 | 0 | |a Trigo pan - Maíz -- Girasol -- Soja -- Frutas y hortalizas -- Glosario. | |
| 650 | 7 | |a Cultivos |x Calidad |2 agrovoc | |
| 650 | 7 | |a Productos agrícolas |x Calidad |2 agrovoc | |
| 650 | 7 | |a Productos de origen vegetal |2 agrovoc | |
| 650 | 7 | |a Trigo harinero |x Genotipos |2 agrovoc | |
| 700 | 1 | |a Andrade, Fernando H. | |
| 859 | |a AR-BbBCA |b BIB. AGRONOMIA |h 631.5 |i A284 |p 1999/3533 | ||
| 859 | |a AR-BbBCA |b BIB. AGRONOMIA |h 631.5 |i A284 |p 1999/3633 |t Ej.2 | ||
| 859 | |a AR-BbBCA |b BIB. AGRONOMIA |h 631.5 |i A284 |p 2019/7062 |t Ej.3 | ||
